Λεξικόν ελληνογαλλικόν : κατ' έγκρισιν του επί των Εκκλησ. και της Δημ. Εκπαιδεύσεως Υπουργείου
Αποθηκεύτηκε σε:
| Κύριος συγγραφέας: | |
|---|---|
| Μορφή: | Βιβλίο |
| Γλώσσα: | Greek French |
| Δημοσίευση: |
Εν Αθήναις :
Σιδέρης, Ι.Ν.,
[19--]
|
| Έκδοση: | 16η έκδ. |
| Θέματα: | |
| Ετικέτες: |
Προσθήκη ετικέτας
Δεν υπάρχουν, Καταχωρήστε ετικέτα πρώτοι!
|
MARC
| LEADER | 00000cam a2200000 i 4500 | ||
|---|---|---|---|
| 001 | 1/99854 | ||
| 008 | 081219q19001910 gre d | ||
| 035 | |l 10102626 | ||
| 040 | |a GR-MY-UA |b gre |e aacr | ||
| 041 | 0 | |a gre |a fre | |
| 082 | 0 | |a 443.89 |2 (22) | |
| 100 | 1 | |a Βυζάντιος, Σκαρλάτος Δ., |d 1798-1878. | |
| 245 | 1 | 0 | |a Λεξικόν ελληνογαλλικόν : |b κατ' έγκρισιν του επί των Εκκλησ. και της Δημ. Εκπαιδεύσεως Υπουργείου / |c Σκαρλάτου Δ. Βυζαντίου |
| 246 | 2 | 1 | |a Dictionnaire grec-francais |
| 250 | |a 16η έκδ. | ||
| 260 | |a Εν Αθήναις : |b Σιδέρης, Ι.Ν., |c [19--] | ||
| 300 | |a ι, 520 σ.; |c 24 εκ. | ||
| 650 | 0 | 0 | |a Greek language |x Dictionaries |x French. |
| 650 | 0 | 0 | |a French language |x Dictionaries |z Greek, Modern. |
| 852 | |a INST |b RHODES |c AKA |e 20081219 |h 443.89 ΒΥΖ |p 005400031673 |q 005400031673 |t REF |y 23 | ||
| 901 | |a BIBL4-2008-3 | ||
| 909 | |a Ρ |b 156800 | ||
| 970 | |a ΚΟΖΑ |b ΜΑΡΙΑ |z 2008/12/19 | ||